00349nam a2200133Ia 4500008004100000041000800041082001700049100001900066245004500085250001400130260003400144300003000178365000700208240624s9999 xx 000 0 und d aeng a658.4012 PIT aPITTS ROBERT A aSTRATEGIC MANAGEMENT BUILDING AND SUSTAI a(3rd ed.) c2003aSingaporebThomson Asia axx, : 555 : p. : cm. ; 25 cRS